[Event "64th ch-GRE 2014"]
[Site "Vrachati GRE"]
[Date "2014.12.11"]
[Round "9.4"]
[White "Nikolaidis, Ioannis"]
[Black "Kourkoulos-Arditis, Stamatis"]
[Result "1-0"]
[WhiteTitle "GM"]
[BlackTitle "FM"]
[WhiteElo "2559"]
[BlackElo "2294"]
[WhiteFideId "4202139"]
[BlackFideId "4221990"]
[EventDate "2014.12.03"]

1. c4 Nf6 2. Nc3 e6 3. Nf3 Bb4 4. g3 b6 5. Bg2 Bb7 6. O-O O-O 7. Qc2 c5 8. a3
Bxc3 9. Qxc3 d6 10. b4 Nbd7 11. d3 Re8 12. Bb2 d5 13. cxd5 exd5 14. bxc5 bxc5
15. e3 Rc8 16. a4 Ba6 17. Rfd1 c4 18. dxc4 Rxc4 19. Qe1 Nc5 20. Bf1 Rxa4 21.
Rxa4 Nxa4 22. Bxf6 Qxf6 23. Bxa6 Qxa6 24. Ra1 Qf6 25. Rxa4 Qxf3 26. Rf4 Qh5 27.
Qa5 Rc8 28. Qxa7 h6 29. Kg2 Qg6 30. Qd7 Qe6 31. Rxf7 Qxf7 32. Qxc8+ Kh7 33. g4
g6 34. Qd8 Qe6 35. Qc7+ Kh8 36. h3 Kg8 37. Qf4 Kh7 38. Kg3 Kg7 39. h4 Kh7 40.
Qc7+ Kg8 41. Qf4 Kh7 42. h5 gxh5 43. Qf5+ Qxf5 44. gxf5 Kg7 45. Kh4 Kf6 46. Kxh5
Kxf5 47. f3 Ke5 48. Kxh6 Kf6 49. Kh5 Kf5 50. Kh4 Kf6 51. Kg4 1-0

[Event "64th ch-GRE 2014"]
[Site "Vrachati GRE"]
[Date "2014.12.11"]
[Round "9.5"]
[White "Goumas, Georgios"]
[Black "Kapnisis, Spyridon"]
[Result "1/2-1/2"]
[BlackTitle "GM"]
[WhiteElo "2378"]
[BlackElo "2451"]
[WhiteFideId "4208935"]
[BlackFideId "4203445"]
[EventDate "2014.12.03"]

1. e4 e5 2. Nf3 Nc6 3. Bb5 a6 4. Ba4 Nf6 5. O-O Be7 6. Re1 b5 7. Bb3 O-O 8. c3
d5 9. exd5 Nxd5 10. Nxe5 Nxe5 11. Rxe5 c6 12. d4 Bd6 13. Re1 Qh4 14. g3 Qh3 15.
Be3 Bg4 16. Qd3 Rae8 17. Nd2 Re7 18. Qf1 Qh5 19. c4 Bh3 20. Qe2 Bg4 21. Qf1 Bh3
22. Qe2 Bg4 23. Qf1 1/2-1/2